| 000 | 00705nam a2200229 a 4500 | ||
|---|---|---|---|
| 005 | 20140311163031.0 | ||
| 008 | 100312s19uu xx 00 eng d | ||
| 020 | _a13:9789812722782 | ||
| 050 |
_aRJ 245 _b.J27 2008 |
||
| 100 | _aJames, Suasan Rowen | ||
| 245 |
_aNursing care of children : _bpriciples & practice / _cSusan Rowen James, Jean Weiler Ashwill. |
||
| 250 | _a3rd. ed. | ||
| 260 |
_aSingapore : _bElsevier, _c2008. |
||
| 300 |
_a1072 p. : _bill. ; _c27 cm. |
||
| 521 | _aNUR | ||
| 650 |
_aPediatric _xNursing care. |
||
| 650 |
_aChildren _xNursing _xcare. |
||
| 650 |
_aNursing care. _xPrinciples _xpractice. |
||
| 700 | _aAshwill, Jean Weiler | ||
| 942 |
_cBK _2lcc _kFOR |
||
| 999 |
_c39634 _d39634 |
||